Wszystkie przystanki linii tramwajowej numer 13 we Wrocławiu - Statystyki

Ogólne statystyki
  • Ten quiz został rozwiązany 7 razy
  • Średni wynik to 17 z 29
Statystyki odpowiedzi
Hint Odpowiedź % Poprawnych
16 Dolmed
100%
14 Młodych Techników
80%
6 pl. Grunwaldzki
80%
13 pl. Jana Pawła II
80%
15 pl. Strzegomski
80%
12 Rynek
80%
17 Śrubowa
80%
10 Świdnicka
80%
18 Wrocławski Park Przemysłowy
80%
11 Zamkowa
80%
5 Bujwida
60%
3 Chopina
60%
9 Galeria Dominikańska
60%
4 Kochanowskiego
60%
7 Most Grunwaldzki
60%
22 Nowodworska
60%
23 Strzegomska ( Krzyżówka )
60%
8 Urząd Wojewódzki
60%
27 Zemska
60%
20 Babimojska
40%
2 Karłowicza
40%
19 Park Biznesu
40%
28 Park Tysiąclecia
40%
25 Rogowska ( ogrody działkowe )
40%
24 Rogowska P+R
40%
1 Stadion Olimpijski
40%
21 Strzegomska 148
40%
29 Wrocław Nowy Dwór P+R
40%
26 Budziszyńska
20%
Nie znaleziono quizów pasujących do podanych kryteriów
Rozkład punktacji
Procent ludzi z każdym wynikiem
Percentyl według liczby udzielonych odpowiedzi
Twoja historia wyników
Nie rozwiązałeś tego quizu